[Event "Stay Safe Play From Home 248"]
[Site "Emanuel Lasker Arena"]
[Date "2020.06.23"]
[Round "7"]
[White "Fischer_11"]
[Black "Buzaglo"]
[Result "1/2-1/2"]
[WhiteElo "1982"]
[BlackElo "1880"]
[Annotator "NA"]
[PlyCount "152"]
[EventDate "2020.06.23"]
[EventType "swiss (blitz)"]

1. e4 {[%emt 0:00:01]} e6 {[%emt 0:00:00]} 2. d4 {[%emt 0:00:02]} d5 {[%emt 0:00:00]} 3. Nd2 {[%emt 0:00:01]} c5 {[%emt 0:00:00]} 4. c3 {[%emt 0:00:01]} cxd4 {[%emt 0:00:00]} 5. cxd4 {[%emt 0:00:00]} Nc6 {[%emt 0:00:00]} 6. exd5 {[%emt 0:00:01]} exd5 {[%emt 0:00:00]} 7. Ngf3 {[%emt 0:00:01]} Nf6 {[%emt 0:00:00]} 8. Bb5 {[%emt 0:00:00]} Bb4 {[%emt 0:00:01]} 9. O-O {[%emt 0:00:01]} O-O {[%emt 0:00:01]} 10. Re1 {[%emt 0:00:01]} Bd7 {[%emt 0:00:02]} 11. a3 {[%emt 0:00:01]} Bd6 {[%emt 0:00:01]} 12. b4 {[%emt 0:00:01]} a6 {[%emt 0:00:00]} 13. Ba4 {[%emt 0:00:01]} b5 {[%emt 0:00:01]} 14. Bb3 {[%emt 0:00:01]} Qc7 {[%emt 0:00:01]} 15. Nf1 {[%emt 0:00:02]} Rfe8 {[%emt 0:00:01]} 16. Bg5 {[%emt 0:00:02]} Rxe1 {[%emt 0:00:02]} 17. Qxe1 {[%emt 0:00:02]} Ne4 {[%emt 0:00:00]} 18. Be3 {[%emt 0:00:03]} Re8 {[%emt 0:00:03]} 19. Bxd5 {[%emt 0:00:04]} Nf6 {[%emt 0:00:03]} 20. Bb3 {[%emt 0:00:02]} Bf4 {[%emt 0:00:03]} 21. Rc1 {[%emt 0:00:02]} Bxe3 {[%emt 0:00:02]} 22. Nxe3 {[%emt 0:00:00]} Qf4 {[%emt 0:00:01]} 23. d5 {[%emt 0:00:03]} Ne5 {[%emt 0:00:02]} 24. Nxe5 {[%emt 0:00:02]} Qxe5 {[%emt 0:00:00]} 25. Qd2 {[%emt 0:00:02]} h6 {[%emt 0:00:07]} 26. d6 {[%emt 0:00:02]} Be6 {[%emt 0:00:02]} 27. Bxe6 {[%emt 0:00:03]} Qxe6 {[%emt 0:00:00]} 28. h3 {[%emt 0:00:02]} Rd8 {[%emt 0:00:01]} 29. Rc6 {[%emt 0:00:02]} Ne4 {[%emt 0:00:01]} 30. Qd5 {[%emt 0:00:03]} Qxd5 {[%emt 0:00:01]} 31. Nxd5 {[%emt 0:00:00]} Rxd6 {[%emt 0:00:01]} 32. Rxd6 {[%emt 0:00:02]} Nxd6 {[%emt 0:00:00]} 33. Nc7 {[%emt 0:00:00]} Nc4 {[%emt 0:00:01]} 34. Nxa6 {[%emt 0:00:01]} Nxa3 {[%emt 0:00:00]} 35. Nc7 {[%emt 0:00:00]} Nc2 {[%emt 0:00:02]} 36. Nxb5 {[%emt 0:00:02]} Nxb4 {[%emt 0:00:00]} 37. Nd6 {[%emt 0:00:00]} Nd5 {[%emt 0:00:00]} 38. Nf5 {[%emt 0:00:01]} f6 {[%emt 0:00:00]} 39. Ng3 {[%emt 0:00:02]} Kf7 {[%emt 0:00:00]} 40. f3 {[%emt 0:00:00]} Nc3 {[%emt 0:00:00]} 41. Kf2 {[%emt 0:00:00]} Nd5 {[%emt 0:00:01]} 42. Ne2 {[%emt 0:00:00]} f5 {[%emt 0:00:02]} 43. g3 {[%emt 0:00:00]} g5 {[%emt 0:00:01]} 44. h4 {[%emt 0:00:00]} gxh4 {[%emt 0:00:01]} 45. gxh4 {[%emt 0:00:00]} Kg6 {[%emt 0:00:00]} 46. f4 {[%emt 0:00:01]} Kh5 {[%emt 0:00:00]} 47. Kf3 {[%emt 0:00:00]} Nc3 {[%emt 0:00:01]} 48. Ng3+ {[%emt 0:00:00]} Kg6 {[%emt 0:00:01]} 49. Nxf5 {[%emt 0:00:00]} Kxf5 {[%emt 0:00:01]} 50. Kg3 {[%emt 0:00:00]} Nb1 {[%emt 0:00:00]} 51. h5 {[%emt 0:00:00]} Nc3 {[%emt 0:00:00]} 52. Kf3 {[%emt 0:00:01]} Ne4 {[%emt 0:00:00]} 53. Ke3 {[%emt 0:00:01]} Nd2 {[%emt 0:00:00]} 54. Kxd2 {[%emt 0:00:01]} Kxf4 {[%emt 0:00:00]} 55. Ke2 {[%emt 0:00:00]} Kg3 {[%emt 0:00:00]} 56. Kf1 {[%emt 0:00:01]} Kg4 {[%emt 0:00:00]} 57. Kg1 {[%emt 0:00:00]} Kxh5 {[%emt 0:00:00]} 58. Kh2 {[%emt 0:00:00]} Kg4 {[%emt 0:00:00]} 59. Kg2 {[%emt 0:00:00]} h5 {[%emt 0:00:00]} 60. Kh2 {[%emt 0:00:00]} h4 {[%emt 0:00:00]} 61. Kg2 {[%emt 0:00:00]} Kf4 {[%emt 0:00:01]} 62. Kh2 {[%emt 0:00:00]} Kg4 {[%emt 0:00:00]} 63. Kg2 {[%emt 0:00:00]} Kh5 {[%emt 0:00:00]} 64. Kh2 {[%emt 0:00:00]} Kg5 {[%emt 0:00:00]} 65. Kh1 {[%emt 0:00:00]} Kg4 {[%emt 0:00:00]} 66. Kg1 {[%emt 0:00:00]} h3 {[%emt 0:00:00]} 67. Kh1 {[%emt 0:00:00]} Kh4 {[%emt 0:00:00]} 68. Kh2 {[%emt 0:00:00]} Kg4 {[%emt 0:00:00]} 69. Kg1 {[%emt 0:00:00]} Kg3 {[%emt 0:00:00]} 70. Kh1 {[%emt 0:00:00]} Kh4 {[%emt 0:00:00]} 71. Kg1 {[%emt 0:00:00]} Kg4 {[%emt 0:00:00]} 72. Kh1 {[%emt 0:00:00]} Kg3 {[%emt 0:00:00]} 73. Kg1 {[%emt 0:00:00]} Kh4 {[%emt 0:00:00]} 74. Kh1 {[%emt 0:00:00]} Kg4 {[%emt 0:00:00]} 75. Kg1 {[%emt 0:00:00]} Kg3 {[%emt 0:00:00]} 76. Kh1 {[%emt 0:00:00]} Kh4 {[%emt 0:00:01] (Lag: Av=0.47s, max=2.3s)} 1/2-1/2

[Event "Stay Safe Play From Home 248"]
[Site "Emanuel Lasker Arena"]
[Date "2020.06.23"]
[Round "7"]
[White "Haxhi Baha"]
[Black "Germanicus G"]
[Result "1-0"]
[WhiteElo "1938"]
[BlackElo "1314"]
[Annotator "NA"]
[PlyCount "59"]
[EventDate "2020.06.23"]
[EventType "swiss (blitz)"]

1. e4 {[%emt 0:00:01]} e6 {[%emt 0:00:01]} 2. d4 {[%emt 0:00:01]} d6 {[%emt 0:00:00]} 3. f4 {[%emt 0:00:01]} c6 {[%emt 0:00:00]} 4. Bd3 {[%emt 0:00:01]} d5 {[%emt 0:00:00]} 5. e5 {[%emt 0:00:01]} c5 {[%emt 0:00:01]} 6. Nf3 {[%emt 0:00:00]} c4 {[%emt 0:00:01]} 7. Be2 {[%emt 0:00:01]} Nc6 {[%emt 0:00:01]} 8. b3 {[%emt 0:00:00]} c3 {[%emt 0:00:05]} 9. Nxc3 {[%emt 0:00:01]} Qb6 {[%emt 0:00:01]} 10. Bb2 {[%emt 0:00:01]} Bb4 {[%emt 0:00:03]} 11. O-O {[%emt 0:00:01]} Nge7 {[%emt 0:00:02]} 12. Na4 {[%emt 0:00:01]} Qa5 {[%emt 0:00:04]} 13. c3 {[%emt 0:00:01]} b5 {[%emt 0:00:02]} 14. cxb4 {[%emt 0:00:01]} Nxb4 {[%emt 0:00:02]} 15. Nc5 {[%emt 0:00:00]} Nf5 {[%emt 0:00:03]} 16. Qd2 {[%emt 0:00:03]} Nc6 {[%emt 0:00:05]} 17. Bc3 {[%emt 0:00:02]} Qb6 {[%emt 0:00:02]} 18. b4 {[%emt 0:00:01]} O-O {[%emt 0:00:02]} 19. g4 {[%emt 0:00:01]} Nfe7 {[%emt 0:00:03]} 20. Bd3 {[%emt 0:00:01]} Ng6 {[%emt 0:00:01]} 21. Ng5 {[%emt 0:00:03]} f6 {[%emt 0:00:04]} 22. Nxh7 {[%emt 0:00:01]} Kxh7 {[%emt 0:00:02]} 23. Qc2 {[%emt 0:00:03]} f5 {[%emt 0:00:03]} 24. gxf5 {[%emt 0:00:00]} exf5 {[%emt 0:00:01]} 25. e6 {[%emt 0:00:01]} Nce7 {[%emt 0:00:04]} 26. Nd7 {[%emt 0:00:02]} Bxd7 {[%emt 0:00:02]} 27. exd7 {[%emt 0:00:00]} Qd6 {[%emt 0:00:01]} 28. d8=Q {[%emt 0:00:05]} Qxd8 {[%emt 0:00:01]} 29. Qf2 {[%emt 0:00:02]} Kg8 {[%emt 0:00:03]} 30. Qg2 {[%emt 0:00:01] Zeit (Lag: Av=0.44s, max=0.6s)} 1-0

[Event "Stay Safe Play From Home 248"]
[Site "Emanuel Lasker Arena"]
[Date "2020.06.23"]
[Round "7"]
[White "Matanant"]
[Black "Dave_H"]
[Result "0-1"]
[WhiteElo "1625"]
[BlackElo "1728"]
[Annotator "NA"]
[PlyCount "48"]
[EventDate "2020.06.23"]
[EventType "swiss (blitz)"]
[BlackTeam "SK Vellmar"]

{- Halt, David (2088)} 1. e4 {[%emt 0:00:02]} e5 {[%emt 0:00:01]} 2. f4 {[%emt 0:00:00]} exf4 {[%emt 0:00:02]} 3. Nf3 {[%emt 0:00:00]} g5 {[%emt 0:00:02]} 4. d4 {[%emt 0:00:00]} h6 {[%emt 0:00:03]} 5. Bd3 {[%emt 0:00:02]} Bg7 {[%emt 0:00:01]} 6. O-O {[%emt 0:00:02]} Ne7 {[%emt 0:00:02]} 7. c4 {[%emt 0:00:02]} O-O {[%emt 0:00:01]} 8. Nc3 {[%emt 0:00:02]} d6 {[%emt 0:00:01]} 9. h3 {[%emt 0:00:02]} Ng6 {[%emt 0:00:03] Dave_H reconnected.} 10. Qc2 {[%emt 0:00:13]} Nc6 {[%emt 0:00:04]} 11. a3 {[%emt 0:00:03]} h5 {[%emt 0:00:03]} 12. b4 {[%emt 0:00:01]} g4 {[%emt 0:00:01]} 13. hxg4 {[%emt 0:00:03]} hxg4 {[%emt 0:00:01]} 14. b5 {[%emt 0:00:03]} gxf3 {[%emt 0:00:03]} 15. bxc6 {[%emt 0:00:02]} fxg2 {[%emt 0:00:03]} 16. Qxg2 {[%emt 0:00:02]} Nh4 {[%emt 0:00:05]} 17. Qf2 {[%emt 0:00:02]} Qg5+ {[%emt 0:00:03]} 18. Kh1 {[%emt 0:00:07]} Bxd4 {[%emt 0:00:01]} 19. Bxf4 {[%emt 0:00:06]} Qg4 {[%emt 0:00:06]} 20. Qg3 {[%emt 0:00:01]} bxc6 {[%emt 0:00:08]} 21. Qxg4+ {[%emt 0:00:02]} Bxg4 {[%emt 0:00:01]} 22. Ne2 {[%emt 0:00:00]} Bxa1 {[%emt 0:00:03]} 23. Rxa1 {[%emt 0:00:01]} Bf3+ {[%emt 0:00:01]} 24. Kh2 {[%emt 0:00:01]} Bxe2 {[%emt 0:00:00] Time (Lag: Av=0.60s, max=1.5s)} 0-1

[Event "Stay Safe Play From Home 248"]
[Site "Emanuel Lasker Arena"]
[Date "2020.06.23"]
[Round "7"]
[White "Trotsky"]
[Black "Lazieri3"]
[Result "0-1"]
[WhiteElo "1562"]
[BlackElo "2120"]
[PlyCount "32"]
[EventDate "2020.06.23"]
[EventType "swiss (blitz)"]

1. d4 {[%emt 0:00:01]} c6 {[%emt 0:00:00]} 2. e3 {[%emt 0:00:00]} d5 {[%emt 0:00:00]} 3. c4 {[%emt 0:00:01]} Nf6 {[%emt 0:00:00]} 4. Nc3 {[%emt 0:00:01]} Bg4 {[%emt 0:00:01]} 5. f3 {[%emt 0:00:01]} Bf5 {[%emt 0:00:01]} 6. g4 {[%emt 0:00:01]} Bg6 {[%emt 0:00:01]} 7. h4 {[%emt 0:00:01]} h5 {[%emt 0:00:01]} 8. c5 {[%emt 0:00:01]} e6 {[%emt 0:00:03]} 9. Bd3 {[%emt 0:00:01]} Bxd3 {[%emt 0:00:01]} 10. Qxd3 {[%emt 0:00:01]} hxg4 {[%emt 0:00:00]} 11. fxg4 {[%emt 0:00:02]} Nxg4 {[%emt 0:00:00]} 12. Nh3 {[%emt 0:00:02]} Qxh4+ {[%emt 0:00:02]} 13. Ke2 {[%emt 0:00:11]} Qg3 {[%emt 0:00:01]} 14. e4 {[%emt 0:00:09]} Qg2+ {[%emt 0:00:08]} 15. Kd1 {[%emt 0:00:16]} Qxh1+ {[%emt 0:00:04]} 16. Kc2 {[%emt 0:00:02]} Rxh3 {[%emt 0:00:02] Âðåìÿ (Lag: Av=0.47s, max=0.6s) .} 0-1

[Event "Stay Safe Play From Home 248"]
[Site "Emanuel Lasker Arena"]
[Date "2020.06.23"]
[Round "8"]
[White "SoulofWolf"]
[Black "Trotsky"]
[Result "1-0"]
[WhiteElo "2175"]
[BlackElo "1561"]
[PlyCount "65"]
[EventDate "2020.06.23"]
[EventType "swiss (blitz)"]

1. d3 {[%emt 0:00:00]} d5 {[%emt 0:00:01]} 2. Nf3 {[%emt 0:00:00]} e6 {[%emt 0:00:00]} 3. Bg5 {[%emt 0:00:00]} f6 {[%emt 0:00:01]} 4. Bh4 {[%emt 0:00:00]} c5 {[%emt 0:00:01]} 5. Nbd2 {[%emt 0:00:02]} Nc6 {[%emt 0:00:01]} 6. h3 {[%emt 0:00:00]} Qc7 {[%emt 0:00:03]} 7. Bg3 {[%emt 0:00:00]} Bd6 {[%emt 0:00:01]} 8. Bxd6 {[%emt 0:00:01]} Qxd6 {[%emt 0:00:01]} 9. e4 {[%emt 0:00:00]} Bd7 {[%emt 0:00:02]} 10. g3 {[%emt 0:00:00]} O-O-O {[%emt 0:00:01]} 11. Bg2 {[%emt 0:00:00]} h5 {[%emt 0:00:01]} 12. Qe2 {[%emt 0:00:01]} Nh6 {[%emt 0:00:01]} 13. O-O-O {[%emt 0:00:01]} Kb8 {[%emt 0:00:02]} 14. Kb1 {[%emt 0:00:00]} Qc7 {[%emt 0:00:01]} 15. c3 {[%emt 0:00:01]} Rc8 {[%emt 0:00:01]} 16. Nb3 {[%emt 0:00:01]} Nb4 {[%emt 0:00:03]} 17. cxb4 {[%emt 0:00:03]} cxb4 {[%emt 0:00:01]} 18. Rc1 {[%emt 0:00:00]} Bc6 {[%emt 0:00:01]} 19. Nfd4 {[%emt 0:00:02]} Qb6 {[%emt 0:00:01]} 20. Nxe6 {[%emt 0:00:03]} Nf7 {[%emt 0:00:05]} 21. exd5 {[%emt 0:00:03]} Bd7 {[%emt 0:00:09]} 22. Nbc5 {[%emt 0:00:04]} Ne5 {[%emt 0:00:06]} 23. Qxe5+ {[%emt 0:00:03]} fxe5 {[%emt 0:00:01]} 24. Nxd7+ {[%emt 0:00:00]} Ka8 {[%emt 0:00:03]} 25. Nxb6+ {[%emt 0:00:01]} axb6 {[%emt 0:00:01]} 26. Nxg7 {[%emt 0:00:04]} Rb8 {[%emt 0:00:02]} 27. d6 {[%emt 0:00:03]} Ka7 {[%emt 0:00:01]} 28. Nf5 {[%emt 0:00:01]} Rhd8 {[%emt 0:00:01]} 29. Rhe1 {[%emt 0:00:01]} Ka6 {[%emt 0:00:01]} 30. Rxe5 {[%emt 0:00:01]} b5 {[%emt 0:00:01]} 31. Rcc5 {[%emt 0:00:01]} Rbc8 {[%emt 0:00:01]} 32. Rxb5 {[%emt 0:00:01]} b6 {[%emt 0:00:03]} 33. b3 {[%emt 0:00:01] Âðåìÿ (Lag: Av=0.27s, max=0.4s)} 1-0

[Event "Stay Safe Play From Home 248"]
[Site "Emanuel Lasker Arena"]
[Date "2020.06.23"]
[Round "8"]
[White "Lazieri3"]
[Black "Grazie"]
[Result "1-0"]
[WhiteElo "2122"]
[BlackElo "1817"]
[Annotator "NA"]
[PlyCount "95"]
[EventDate "2020.06.23"]
[EventType "swiss (blitz)"]

1. e4 {[%emt 0:00:01]} e6 {[%emt 0:00:00]} 2. Nc3 {[%emt 0:00:00]} d5 {[%emt 0:00:00]} 3. exd5 {[%emt 0:00:00]} exd5 {[%emt 0:00:00]} 4. d4 {[%emt 0:00:00]} Nf6 {[%emt 0:00:00]} 5. Nf3 {[%emt 0:00:01]} Bd6 {[%emt 0:00:01]} 6. Bg5 {[%emt 0:00:01]} c6 {[%emt 0:00:00]} 7. Bd3 {[%emt 0:00:01]} O-O {[%emt 0:00:01]} 8. O-O {[%emt 0:00:01]} Bg4 {[%emt 0:00:00]} 9. h3 {[%emt 0:00:00]} Bh5 {[%emt 0:00:01]} 10. Be2 {[%emt 0:00:00]} Nbd7 {[%emt 0:00:01]} 11. Bxf6 {[%emt 0:00:01]} Nxf6 {[%emt 0:00:01]} 12. Ne5 {[%emt 0:00:01]} Bxe2 {[%emt 0:00:01]} 13. Qxe2 {[%emt 0:00:02]} Re8 {[%emt 0:00:01]} 14. f4 {[%emt 0:00:01]} Ne4 {[%emt 0:00:01]} 15. Nxe4 {[%emt 0:00:01]} dxe4 {[%emt 0:00:01]} 16. Rfe1 {[%emt 0:00:05]} f5 {[%emt 0:00:01]} 17. c3 {[%emt 0:00:02]} Bxe5 {[%emt 0:00:01]} 18. dxe5 {[%emt 0:00:02]} Qe7 {[%emt 0:00:01]} 19. Rad1 {[%emt 0:00:01]} Rad8 {[%emt 0:00:01]} 20. Qe3 {[%emt 0:00:01]} b6 {[%emt 0:00:02]} 21. Qe2 {[%emt 0:00:02]} c5 {[%emt 0:00:03]} 22. Qc4+ {[%emt 0:00:01]} Kf8 {[%emt 0:00:03]} 23. a4 {[%emt 0:00:02]} g6 {[%emt 0:00:01]} 24. g3 {[%emt 0:00:03]} Rxd1 {[%emt 0:00:00]} 25. Rxd1 {[%emt 0:00:01]} Rd8 {[%emt 0:00:01]} 26. Rxd8+ {[%emt 0:00:01]} Qxd8 {[%emt 0:00:01]} 27. Qe2 {[%emt 0:00:04]} Qd5 {[%emt 0:00:02]} 28. g4 {[%emt 0:00:02]} c4 {[%emt 0:00:01]} 29. gxf5 {[%emt 0:00:01]} gxf5 {[%emt 0:00:01]} 30. Qh5 {[%emt 0:00:01]} Qf7 {[%emt 0:00:07]} 31. Qh6+ {[%emt 0:00:01]} Qg7+ {[%emt 0:00:04]} 32. Qxg7+ {[%emt 0:00:01]} Kxg7 {[%emt 0:00:00]} 33. Kf2 {[%emt 0:00:01]} Kg6 {[%emt 0:00:01]} 34. Ke3 {[%emt 0:00:01]} Kh5 {[%emt 0:00:01]} 35. Kd4 {[%emt 0:00:01]} Kh4 {[%emt 0:00:01]} 36. e6 {[%emt 0:00:01]} Kxh3 {[%emt 0:00:00]} 37. e7 {[%emt 0:00:01]} Kg3 {[%emt 0:00:00]} 38. e8=Q {[%emt 0:00:01]} Kxf4 {[%emt 0:00:00]} 39. Qh5 {[%emt 0:00:02]} e3 {[%emt 0:00:01]} 40. Qh6+ {[%emt 0:00:00]} Kf3 {[%emt 0:00:01]} 41. Qxe3+ {[%emt 0:00:01]} Kg4 {[%emt 0:00:00]} 42. Qh6 {[%emt 0:00:01]} f4 {[%emt 0:00:01]} 43. Qxh7 {[%emt 0:00:00]} f3 {[%emt 0:00:00]} 44. Qg6+ {[%emt 0:00:00]} Kh3 {[%emt 0:00:01]} 45. Ke3 {[%emt 0:00:00]} f2 {[%emt 0:00:01]} 46. Kxf2 {[%emt 0:00:01]} b5 {[%emt 0:00:00]} 47. Kf3 {[%emt 0:00:01]} bxa4 {[%emt 0:00:00]} 48. Qh5# {[%emt 0:00:00] (Lag: Av=0.46s, max=0.6s)} 1-0

[Event "Stay Safe Play From Home 248"]
[Site "Emanuel Lasker Arena"]
[Date "2020.06.23"]
[Round "8"]
[White "Fischer_11"]
[Black "Don59as"]
[Result "0-1"]
[WhiteElo "1977"]
[BlackElo "2134"]
[Annotator "NA"]
[PlyCount "54"]
[EventDate "2020.06.23"]
[EventType "swiss (blitz)"]

1. e4 {[%emt 0:00:01]} e5 {[%emt 0:00:01]} 2. Nc3 {[%emt 0:00:01]} Nc6 {[%emt 0:00:00]} 3. Bc4 {[%emt 0:00:00]} d6 {[%emt 0:00:00]} 4. d3 {[%emt 0:00:01]} Na5 {[%emt 0:00:03]} 5. Bb5+ {[%emt 0:00:01]} c6 {[%emt 0:00:01]} 6. Ba4 {[%emt 0:00:01]} b5 {[%emt 0:00:00]} 7. Bb3 {[%emt 0:00:00]} Nxb3 {[%emt 0:00:00]} 8. axb3 {[%emt 0:00:00]} f5 {[%emt 0:00:00]} 9. exf5 {[%emt 0:00:01]} Bxf5 {[%emt 0:00:00]} 10. f4 {[%emt 0:00:00]} Nf6 {[%emt 0:00:01]} 11. fxe5 {[%emt 0:00:01]} dxe5 {[%emt 0:00:00]} 12. Nf3 {[%emt 0:00:00]} Bd6 {[%emt 0:00:01]} 13. O-O {[%emt 0:00:01]} O-O {[%emt 0:00:01]} 14. Nxe5 {[%emt 0:00:01]} Bxe5 {[%emt 0:00:01]} 15. Rxf5 {[%emt 0:00:01]} Bd4+ {[%emt 0:00:01]} 16. Kh1 {[%emt 0:00:02]} Qd7 {[%emt 0:00:01]} 17. Rf1 {[%emt 0:00:04]} Ng4 {[%emt 0:00:03]} 18. Ne4 {[%emt 0:00:05]} Rxf1+ {[%emt 0:00:03]} 19. Qxf1 {[%emt 0:00:02]} Rf8 {[%emt 0:00:00]} 20. Qe2 {[%emt 0:00:03]} Qf5 {[%emt 0:00:01]} 21. Bd2 {[%emt 0:00:05]} Qh5 {[%emt 0:00:01]} 22. h3 {[%emt 0:00:01]} Nf2+ {[%emt 0:00:01]} 23. Qxf2 {[%emt 0:00:04]} Bxf2 {[%emt 0:00:01]} 24. Kh2 {[%emt 0:00:03]} Bd4 {[%emt 0:00:02]} 25. Rxa7 {[%emt 0:00:01]} Bxa7 {[%emt 0:00:01]} 26. Ng3 {[%emt 0:00:01]} Bb8 {[%emt 0:00:01]} 27. Kg1 {[%emt 0:00:01]} Bxg3 {[%emt 0:00:02] Fischer_11 gibt auf (Lag: Av=0.48s, max=0.6s)} 0-1

[Event "Stay Safe Play From Home 248"]
[Site "Emanuel Lasker Arena"]
[Date "2020.06.23"]
[Round "8"]
[White "SecantFX"]
[Black "Mepe_Nika"]
[Result "0-1"]
[WhiteElo "1921"]
[BlackElo "2388"]
[Annotator "TA"]
[PlyCount "140"]
[EventDate "2020.06.23"]
[EventType "swiss (blitz)"]

{[%evp 9,139,0,-10,-20,14,-20,-18,-26,57,-6,0,-8,43,8,14,9,5,-20,-14,-22,5,5,5,5,8,-26,-20,-34,-35,-39,-45,-150,-143,-127,-24,-129,-140,-295,-89,-385,-398,-389,-397,-350,-276,-604,-402,-404,-402,-480,-479,-861,-854,-854,-841,-930,-925,-911,-909,-958,-928,-6961,-12046,-6170,-5109,-29961,-29958,-29973,-29974,-29974,-29972,-29972,-29973,-29973,-29972,-29973,-29972,-29974,-29974,-29975,-29976,-29978,-29976,-29976,-29976,-29981,-29982,-29982,-29983,-29983,-29984,-29985,-29986,-29986,-29987,-29987,-29988,-29990,-29988,-29988,-29989,-29989,-29990,-29990,-29991,-29991,-29992,-29993,-29993,-29994,-29994,-29994,-29994,-29995,-29995,-29996,-29997,-29997,-29997,-29997,-29996,-29996,-29997,-29997,-29998,-29998,-29997,-29997,-29997,-29998,-29999,-29999]} 1. g3 d5 2. Bg2 c6 3. f4 Nd7 4. Nf3 g6 5. e3 Bg7 6. d4 {[#] A03: Bird's Opening with 1...d5.} Ngf6 $146 ({Predecessor:} 6... e6 7. b3 Ne7 8. Qe2 O-O 9. Nbd2 a5 10. a4 b6 11. c4 Ba6 12. Ba3 Rc8 {0-1 (39) Blatny,P (2547)-Simutowe,A (2470) New York 2001}) 7. c3 Ne4 8. Nbd2 {The position is equal.} O-O (8... Ndf6 $11) 9. O-O ({White should try} 9. Nxe4 $14 dxe4 10. Ng5) 9... Nxd2 10. Bxd2 f6 (10... Nf6 $11) 11. Qc2 e5 12. fxe5 fxe5 13. Nxe5 Nxe5 14. dxe5 Bxe5 15. e4 {next Rxf8+ is good for White.} Qb6+ 16. Kh1 {And now Rxf8+ would win.} Be6 17. Rae1 d4 18. Rxf8+ Rxf8 19. Bh6 Rf7 20. Rf1 (20. cxd4 $15 Bxd4 21. b3) 20... dxc3 21. bxc3 Bg7 (21... Rxf1+ $17 22. Bxf1 Bc7) 22. Bf4 (22. Bxg7 $11 {keeps the balance.} Rxf1+ 23. Bxf1 Kxg7 24. Qd2) 22... Qc5 $36 {[%mdl 2048] Black is in control.} 23. Qf2 $2 {[#]} (23. Rc1 $17) 23... Qxc3 $2 (23... Qxf2 $19 {has better winning chances.} 24. Rxf2 Bxc3) 24. Qe3 $2 {[%mdl 8192]} (24. Qxa7 $17 {is the only way for White.} h6 25. a3) 24... Qxe3 $19 25. Bxe3 Rxf1+ 26. Bxf1 Bxa2 {[%mdl 4096] Endgame aiming for ...a5. KBB-KBB} 27. Bd3 $2 {[#]} (27. Bxa7 b5 28. Kg2) 27... b6 28. Kg2 c5 29. Kf3 c4 30. Bc2 (30. Be2 $142 Kf7 31. Kf4) 30... Bb3 31. Bb1 c3 32. Ke2 c2 33. Bxc2 Bxc2 34. Kd2 Bxe4 35. Bf4 a5 {[%cal Ba7a5,Ba5a4][%mdl 32]} 36. Ke3 Bf5 37. h3 a4 {Black mates.} 38. g4 Be6 39. Bd6 a3 40. Bxa3 Bf8 41. Bb2 Bc5+ 42. Ke4 Kf7 43. Ke5 Be7 44. Kf4 b5 {[%cal Bb6b5,Bb5b4,Bb4b3][%mdl 32]} 45. h4 b4 46. g5 b3 47. Kg3 Bd6+ 48. Kf3 Bf5 49. Ke3 Ke6 50. Kd4 Be5+ 51. Kc4 Bxb2 52. Kxb3 Be5 53. h5 Bg3 54. hxg6 Bxg6 55. Kc4 Kf5 56. Kd3 Kxg5+ 57. Ke2 h5 58. Kf1 h4 59. Kg2 Be4+ 60. Kh3 Bf5+ 61. Kg2 Kg4 62. Kh1 h3 63. Kg1 Be4 64. Kf1 h2 65. Ke2 h1=Q {[%csl Gg3][%cal Rh1e1]} 66. Ke3 Qf3+ 67. Kd4 Qd3+ 68. Kc5 Qd5+ 69. Kb6 Qc6+ 70. Ka7 Qb7# {Accuracy: White = 31%, Black = 54%.} 0-1

[Event "Stay Safe Play From Home 248"]
[Site "Emanuel Lasker Arena"]
[Date "2020.06.23"]
[Round "8"]
[White "Buzaglo"]
[Black "Haxhi Baha"]
[Result "1-0"]
[WhiteElo "1884"]
[BlackElo "1939"]
[Annotator "NA"]
[PlyCount "57"]
[EventDate "2020.06.23"]
[EventType "swiss (blitz)"]

1. d4 {[%emt 0:00:01]} d5 {[%emt 0:00:01]} 2. Nf3 {[%emt 0:00:00]} e6 {[%emt 0:00:01]} 3. g3 {[%emt 0:00:00]} Bd6 {[%emt 0:00:01]} 4. Bg2 {[%emt 0:00:00]} b6 {[%emt 0:00:01]} 5. O-O {[%emt 0:00:00]} Bb7 {[%emt 0:00:01]} 6. Nbd2 {[%emt 0:00:00]} Nd7 {[%emt 0:00:01]} 7. c4 {[%emt 0:00:00]} Ngf6 {[%emt 0:00:01]} 8. cxd5 {[%emt 0:00:02]} exd5 {[%emt 0:00:01]} 9. Re1 {[%emt 0:00:01]} Qe7 {[%emt 0:00:02]} 10. Ne5 {[%emt 0:00:01]} Nxe5 {[%emt 0:00:02]} 11. dxe5 {[%emt 0:00:00]} Bxe5 {[%emt 0:00:00]} 12. e4 {[%emt 0:00:01]} dxe4 {[%emt 0:00:01]} 13. Nxe4 {[%emt 0:00:01]} Nxe4 {[%emt 0:00:08]} 14. Bxe4 {[%emt 0:00:00]} Bxe4 {[%emt 0:00:01]} 15. Rxe4 {[%emt 0:00:00]} O-O {[%emt 0:00:05]} 16. Qd5 {[%emt 0:00:01]} Rad8 {[%emt 0:00:06]} 17. Qxe5 {[%emt 0:00:02]} Rd1+ {[%emt 0:00:01]} 18. Kg2 {[%emt 0:00:01]} Qd7 {[%emt 0:00:01]} 19. b3 {[%emt 0:00:05]} Qc6 {[%emt 0:00:01]} 20. Bb2 {[%emt 0:00:02]} f6 {[%emt 0:00:12]} 21. Qe6+ {[%emt 0:00:03]} Qxe6 {[%emt 0:00:01]} 22. Rxe6 {[%emt 0:00:00]} Rd2 {[%emt 0:00:03]} 23. Ba3 {[%emt 0:00:02]} Rfd8 {[%emt 0:00:02]} 24. Rae1 {[%emt 0:00:00]} R8d7 {[%emt 0:00:02]} 25. Re8+ {[%emt 0:00:02]} Kf7 {[%emt 0:00:01]} 26. Ra8 {[%emt 0:00:02]} a5 {[%emt 0:00:01]} 27. Bc1 {[%emt 0:00:03]} Rxa2 {[%emt 0:00:00]} 28. Be3 {[%emt 0:00:01]} Rd3 {[%emt 0:00:01]} 29. Rc1 {[%emt 0:00:02] Time (Lag: Av=0.90s, max=1.1s)} 1-0